000 00315nam a22001337a 4500
008 221117b ||||| |||| 00| 0 eng d
041 _aeng
080 _22 EDITION
_a334.7
082 _a334.7RIC
100 _a25.1
101 _aMANA
245 _aCORNERSTONES FINANCIAL MANAGERIAL
_cRICH .JONES
942 _2udc
_cBK
999 _c58934
_d58934